Statistics for Random Country Dots on an Empty World Map

Click here to take the quiz!

General Stats

  • This quiz has been taken 34,863 times
  • The average score is 13 of 20

Answers on the Map

Answers color-coded by a green-red scale on the quiz's map according to % correct below.
 

Answer Stats

Country% Correct
Canada
99%
United States
98%
Russia
97%
Mexico
96%
Argentina
93%
Brazil
91%
Iceland
91%
United Kingdom
90%
Australia
89%
Finland
89%
Sweden
89%
China
88%
Chile
87%
Norway
87%
South Africa
86%
Spain
86%
New Zealand
85%
Japan
84%
Uruguay
84%
France
82%
Germany
82%
Morocco
82%
Paraguay
82%
Colombia
81%
Denmark
80%
Mongolia
80%
Estonia
79%
India
79%
Ireland
79%
North Korea
78%
Poland
78%
Bolivia
77%
Peru
77%
Portugal
77%
South Korea
77%
Cuba
76%
Belarus
75%
Ecuador
75%
Latvia
75%
Netherlands
75%
Indonesia
73%
Algeria
72%
Belgium
72%
DR Congo
72%
Egypt
72%
Guyana
72%
Italy
72%
Panama
72%
Venezuela
72%
Greece
70%
Kazakhstan
70%
Ukraine
70%
Lithuania
69%
Saudi Arabia
69%
Switzerland
69%
Kiribati
68%
Libya
68%
Suriname
68%
Turkey
68%
Czech Republic
67%
Iran
67%
Madagascar
67%
Pakistan
67%
Romania
67%
Chad
66%
Dominican Republic
66%
Austria
65%
Haiti
65%
Senegal
65%
Somalia
65%
Central African Republic
64%
Mali
64%
Nepal
64%
Nigeria
64%
Philippines
64%
Sri Lanka
64%
Thailand
64%
Armenia
63%
Belize
63%
Bulgaria
63%
Costa Rica
63%
Ethiopia
63%
Jamaica
63%
Kenya
63%
Lesotho
63%
Mozambique
63%
Nicaragua
63%
Slovakia
63%
Zimbabwe
63%
Honduras
62%
Hungary
62%
Israel
62%
Luxembourg
62%
Mauritania
62%
Niger
62%
Taiwan
62%
Tunisia
62%
Vietnam
62%
Afghanistan
61%
El Salvador
61%
Guatemala
61%
Iraq
61%
Zambia
61%
Angola
60%
Botswana
60%
Eswatini
60%
Sudan
60%
Tanzania
60%
Yemen
60%
Bahamas
59%
Cameroon
59%
Gabon
59%
Malta
59%
Republic of the Congo
59%
Andorra
58%
Georgia
58%
Malaysia
58%
Namibia
58%
Papua New Guinea
58%
Serbia
58%
South Sudan
58%
Syria
58%
Ghana
57%
Laos
57%
Liberia
57%
Myanmar
57%
Rwanda
57%
Trinidad and Tobago
57%
United Arab Emirates
57%
Uzbekistan
57%
Bangladesh
56%
Benin
56%
Cambodia
56%
Eritrea
56%
Maldives
56%
Mauritius
56%
Oman
56%
Slovenia
56%
Albania
55%
Bosnia and Herzegovina
55%
Croatia
55%
Gambia
55%
Ivory Coast
55%
Jordan
55%
Lebanon
55%
Moldova
55%
Monaco
55%
Tajikistan
55%
Sierra Leone
54%
Togo
54%
Azerbaijan
53%
Bhutan
53%
Djibouti
53%
East Timor
53%
Fiji
53%
Kyrgyzstan
53%
Malawi
53%
Cape Verde
52%
Guinea
52%
Kuwait
52%
Liechtenstein
52%
Samoa
52%
Tonga
52%
Turkmenistan
52%
Qatar
51%
São Tomé and Príncipe
51%
Seychelles
51%
North Macedonia
50%
Singapore
50%
Vatican City
50%
Comoros
49%
Equatorial Guinea
49%
St. Kitts and Nevis
49%
Uganda
49%
Bahrain
48%
Kosovo
48%
Antigua and Barbuda
47%
Burkina Faso
47%
Burundi
47%
Guinea-Bissau
47%
Vanuatu
47%
Dominica
46%
Montenegro
46%
Brunei
45%
Cyprus
45%
FS Micronesia
45%
San Marino
44%
Barbados
43%
Grenada
43%
Saint Lucia
43%
Tuvalu
43%
Marshall Islands
42%
Solomon Islands
41%
St. Vincent & the Grenadines
40%
Nauru
38%
Palau
32%

Score Distribution

Percentile by Number Answered

Percent of People with Each Score

Your Score History

You have not taken this quiz